000 00189nam a22000857a 4500
003 SGT
245 _aHYDRAULIC & PNEUMATIC
260 _aNEW DELHI
_bVELJAN HYDRAIR INC.
_c2011
942 _2ddc
_cBV
999 _c17383
_d17383